000 01213nam a2200301 i 4500
001 12867
003 KOSZ 005
005 20220121125104.0
008 070718s1970 enka f 001 0 eng
015 _aPB 1970/3279
040 _aWA N
_cKOSZ 005/RW
_dKOSZ 005/RW
080 _a537:538:536
100 1 _aGalasiewicz, Zygmunt Maciej
_d(1926-2016)
_eAutor
245 1 0 _aSuperconductivity and quantum fluids /
_cZygmunt M. Galasiewicz.
260 _aOxford :
_bPergamon Press ;
_aWarszawa :
_bPaństwowe Wydawnictwo Naukowe,
_c1970.
300 _aVII, [1], 237, [2] s. :
_bil., err. ;
_c23 cm.
380 _aKsiążki.
490 1 _aInternational Series of Monographs in Natural Philosophy ;
_vvol. 29.
504 _aBibliogr. s. 227-234. Indeks.
650 4 _aPole elektromagnetyczne
650 4 _aTermodynamika
650 4 _aNadprzewodnictwo
710 2 _aPaństwowe Wydawnictwo Naukowe
_4pbl.
710 2 _aPergamon Press (Oxford)
_4pbl.
830 0 _aInternational Series of Monographs in Natural Philosophy ;
_vvol. 29.
856 _uhttp://koha.tu.koszalin.pl/cgi-bin/koha/opac-detail.pl?biblionumber=12867
_yKatalog online BPK
942 _2UKD
_cKS
999 _c12867
_d12867